Weiter zum Inhalt

Становление и развитие отечественного рынка лизинговых услуг как формы инвестиционной деятельности Монография

Работа Вахитова Д.Р. и Степанова В.И является первой попыткой комплексного анализа логистического подхода управления интегрированной лизинговой деятельностью. В ней раскрыты теоретические методологические и методические положения логистического подхода а также разработана организационно-экономическа...

Ausführliche Beschreibung

Gespeichert in:
Bibliographische Detailangaben
1. Verfasser: Вахитов Д. Р.
Format: Монография
Ausgabe:1
Online Zugang:https://znanium.com/catalog/document?id=273602
https://znanium.com/cover/0358/358616.jpg
Tags: Tag hinzufügen
Keine Tags, Fügen Sie den ersten Tag hinzu!
LEADER 02192nam0a2200253 i 4500
001 RU\infra-m\znanium\bibl\358616
003 https://znanium.com/catalog/document?id=273602
005 20190327000000.0
100 |a 20190327d2012 m y0rusy0150 ca 
101 0 |a rus 
102 |a RU 
200 1 |a Становление и развитие отечественного рынка лизинговых услуг как формы инвестиционной деятельности  |e Монография 
205 |a 1 
210 1 |a Казань  |c Издательство "Бриг"  |d 2010 
215 |a 324 с. 
330 |a Работа Вахитова Д.Р. и Степанова В.И является первой попыткой комплексного анализа логистического подхода управления интегрированной лизинговой деятельностью. В ней раскрыты теоретические методологические и методические положения логистического подхода а также разработана организационно-экономическая модель формирования и функционирования крупных лизинговых компаний на территории Российской Федерации. 
333 |a ВО - Магистратура 
606 |a Экономика. Бухгалтерский учет. Финансы  |x Инвестиции  |2 local 
608 |a Монография  |2 local 
700 1 |a Вахитов  |b Д. Р.  |g Дамир Равилевич 
701 1 |a Степанов  |b В.И.  |g Владимир Иванович  |p Российский экономический университет им. Г.В. Плеханова 
801 0 |a RU  |b Общество с ограниченной ответственностью «ЗНАНИУМ»  |c 20120516  |2 rusmarc 
856 4 |a znanium.com  |m ebs_support@infra-m.ru  |n НИЦ ИНФРА-М  |u https://znanium.com/catalog/document?id=273602 
856 4 1 |a znanium.com  |d /cover/0358  |f 358616.jpg  |q image/jpeg  |u https://znanium.com/cover/0358/358616.jpg